000 01071nam a2200277Ia 4500
003 OSt
005 20220930092720.0
006 a|||||r|||| 00| 0
007 ta
008 220926b |||||||| |||| 00| 0 eng d
024 _a24199
037 _cTheses
040 _aCRL
_cCRL
_beng
041 _2eng
_aeng
100 _aParia Sumit
_9549565
110 _aUniversity OF Delhi. Faculty OF Medical Sciences. Department OF Orthopaedics
_9519703
245 0 _aProspective outcome analysis of arthroscopic antherior cruciate ligament reconstruction (anatomical single bundle) using hamstring gracilis flap graft through anteromedial portal
260 _c2014
650 _aORTHOPEDICS
_9519704
700 _a Dr. Anil Mehtani Gu.
_9532655
700 _a Dr. Atul Murari Gu.
_9537126
700 _a Dr. Himanshu Kataria Gu.
_9539996
700 _aUniversity OF Delhi. Faculty OF Medical Sciences. Department OF Orthopaedics
_9519706
942 _cDIS
_2CC
999 _c884200
_d884200